| 000 | 00635nam a22001937a 4500 | ||
|---|---|---|---|
| 005 | 20251108173300.0 | ||
| 008 | 250721s2005 xx 000 0 ara d | ||
| 020 | _a9957_423_34_7 | ||
| 082 | 1 | 4 | _a646.75/بحي |
| 100 | 1 | _aالبحيصي، منال | |
| 245 | 1 | 0 | _aفن إستخدام المكياج وصفات وأقنعة لجمال عينيك وشعرك ويديك / |
| 264 | 1 |
_aعمان : _bدار عالم الثقافة، _c2005. |
|
| 300 | _a159ص | ||
| 490 | 0 | _aعالم المرأة | |
| 650 | 1 | 7 | _aمستحضرات تجميل الوجه |
| 650 | 1 | 7 | _aالمظهر الشخصي |
| 942 |
_2ddc _cBK |
||
| 999 |
_c100275 _d100275 |
||